|
|
|
|
| LEADER |
00000nab a22000007a 4500 |
| 005 |
20110902132613.0 |
| 008 |
110830t2011 cl ||||s|||| 00| 0 spa d |
| 020 |
|
|
|a 978-956-10-1879-9 (Tomo. II)
|
| 020 |
|
|
|a 956-10-1884-5 (Tomo. III)
|
| 035 |
|
|
|a 5495
|
| 035 |
|
|
|a 5486
|
| 040 |
|
|
|a vLex
|
| 090 |
|
|
|c 2302
|d 2302
|
| 100 |
1 |
|
|a Thayer A., William
|
| 245 |
1 |
0 |
|a Manual de derecho del trabajo
|h [Recurso electrn̤ico] :
|b Sindicatos y negociacin̤ colectiva. Los Convenios 87 y 98 de la OIT y su impacto en la legislacin̤ chilena /
|c William Thayer A., Patricio Novoa Fuenzalida.
|
| 250 |
|
|
|a 4® ed.
|
| 256 |
|
|
|a Servicio en ln̕ia.
|
| 260 |
|
|
|a [Chile] :
|b Editorial jurd̕ica de Chile,
|c 2011.
|
| 300 |
|
|
|a 184 p.
|
| 490 |
0 |
|
|a Coleccin̤ Manuales jurd̕icos ;
|v 111
|
| 505 |
|
|
|a Contiene: Tomos II y III
|
| 506 |
1 |
|
|a Contenido solo disponible en los productos indicados
|d vLex Global
|d vLex Global (Academic Edition, excluding Law Schools)
|d vLex Global (U.S. Academic Edition, Law Schools)
|d vLex Global (U.S. Academic Edition, excluding Law Schools)
|d vLex Global (Academic Edition, Law Schools)
|
| 506 |
1 |
|
|a Contenido solo disponible en los productos indicados
|d vLex Global
|d vLex Global (Academic Edition, excluding Law Schools)
|d vLex Global (U.S. Academic Edition, Law Schools)
|d vLex Global (U.S. Academic Edition, excluding Law Schools)
|d vLex Global (Academic Edition, Law Schools)
|
| 650 |
0 |
4 |
|a Derecho del trabajo
|z Chile
|
| 700 |
1 |
|
|a Novoa Fuenzalida, Patricio
|
| 740 |
0 |
|
|a vLex Libros (Servicio en ln̕ea)
|
| 856 |
4 |
0 |
|u http://vlex.com/source/manual-derecho-trabajo-tomo-ii-5495
|z Acceso restringido. Tomo II
|
| 856 |
4 |
0 |
|u http://vlex.com/source/manual-derecho-trabajo-tomo-iii-5486
|z Acceso restringido
|
| 942 |
|
|
|c BOOK
|